[Event "BL2-Ost 1415"]
[Site "Germany"]
[Date "2015.02.22"]
[Round "10.8"]
[White "Heyne, Gerhard"]
[Black "Werner, Claus"]
[Result "1/2-1/2"]
[WhiteElo "2096"]
[BlackElo "2192"]
[PlyCount "51"]
[EventDate "2014.10.18"]
[EventType "team-tourn"]
[EventRounds "10"]
[EventCountry "GER"]
[SourceTitle "CBM 166 Extra"]
[Source "ChessBase"]
[SourceDate "2015.06.18"]
[SourceVersion "1"]
[SourceVersionDate "2015.06.18"]
[SourceQuality "1"]
[WhiteTeam "Passau"]
[BlackTeam "Neutraubling Wacker"]
[WhiteTeamCountry "GER"]
[BlackTeamCountry "GER"]

1. e4 c5 2. c3 e6 3. d4 d5 4. exd5 exd5 5. Nf3 c4 6. b3 cxb3 7. axb3 Nf6 8. Bd3 Be7 9. 0-0 0-0 10. Ba3 Nc6 11. Bxe7 Nxe7 12. Re1 Bg4 13. h3 Bh5 14. Re3 a6 15. Qe1 Bxf3 16. Rxe7 Be4 17. Bxe4 Nxe4 18. Rxb7 Re8 19. Qc1 Qf6 20. Ra2 Rac8 21. Ra7 Qxd4 22. R7xa6 Nxc3 23. Nxc3 Rxc3 24. Qa1 Rd3 25. Qxd4 Rxd4 26. Kh1 1/2-1/2

[Event "Oberliga Bayern 1213"]
[Site "Bayern"]
[Date "2013.02.24"]
[Round "7.8"]
[White "Heyne, Gerhard"]
[Black "Reichardt, Peter"]
[Result "1/2-1/2"]
[WhiteElo "1998"]
[BlackElo "1894"]
[PlyCount "34"]
[EventDate "2012.10.14"]
[EventType "team-tourn"]
[EventRounds "9"]
[EventCountry "GER"]
[SourceTitle "EXT 2015"]
[Source "ChessBase"]
[SourceDate "2014.11.20"]
[SourceVersion "1"]
[SourceVersionDate "2014.11.20"]
[SourceQuality "1"]
[WhiteTeam "Passau"]
[BlackTeam "Kriegshaber"]
[WhiteTeamCountry "GER"]
[BlackTeamCountry "GER"]

1. e4 e6 2. d4 d5 3. exd5 exd5 4. Nf3 Bd6 5. c4 c6 6. Nc3 Nf6 7. c5 Be7 8. Bd3 Bg4 9. h3 Bh5 10. 0-0 0-0 11. Bf4 Nbd7 12. Re1 Re8 13. g4 Bg6 14. Bxg6 hxg6 15. Ng5 Nh7 16. Nxh7 Kxh7 17. Qf3 Bf6 1/2-1/2

[Event "Oberliga Bayern 1213"]
[Site "Bayern"]
[Date "2012.10.14"]
[Round "1.8"]
[White "Heyne, Gerhard"]
[Black "Steinmueller, Alexander"]
[Result "1/2-1/2"]
[WhiteElo "1998"]
[BlackElo "1948"]
[PlyCount "50"]
[EventDate "2012.10.14"]
[EventType "team-tourn"]
[EventRounds "9"]
[EventCountry "GER"]
[SourceTitle "EXT 2015"]
[Source "ChessBase"]
[SourceDate "2014.11.20"]
[SourceVersion "1"]
[SourceVersionDate "2014.11.20"]
[SourceQuality "1"]
[WhiteTeam "Passau"]
[BlackTeam "Puschendorf"]
[WhiteTeamCountry "GER"]
[BlackTeamCountry "GER"]

1. e4 e6 2. d4 d5 3. exd5 exd5 4. Nf3 Bd6 5. c4 c6 6. Nc3 Ne7 7. c5 Bc7 8. Bd3 Bf5 9. 0-0 0-0 10. Re1 Bxd3 11. Qxd3 f6 12. Qe2 Ng6 13. h4 Na6 14. h5 Nf4 15. Bxf4 Bxf4 16. Qe6+ Kh8 17. Qf5 Bh6 18. Re2 Qc8 19. Qxc8 Raxc8 20. Re7 Rc7 21. Rae1 Kg8 22. Nh4 Rxe7 23. Rxe7 Rf7 24. Re8+ Rf8 25. Re7 Rf7 1/2-1/2

[Event "Oberliga Bayern 1112"]
[Site "Bayern"]
[Date "2012.04.15"]
[Round "9.8"]
[White "Heyne, Gerhard"]
[Black "Buchberger, Sascha"]
[Result "1-0"]
[WhiteElo "2004"]
[BlackElo "1664"]
[PlyCount "85"]
[EventDate "2011.10.02"]
[EventType "team-tourn"]
[EventRounds "9"]
[EventCountry "GER"]
[SourceTitle "EXT 2015"]
[Source "ChessBase"]
[SourceDate "2014.11.20"]
[SourceVersion "1"]
[SourceVersionDate "2014.11.20"]
[SourceQuality "1"]
[WhiteTeam "Passau"]
[BlackTeam "Kriegshaber"]
[WhiteTeamCountry "GER"]
[BlackTeamCountry "GER"]

1. e4 c5 2. c3 Nf6 3. e5 Nd5 4. d4 cxd4 5. cxd4 Nc6 6. Nf3 d6 7. Bd2 g6 8. Nc3 dxe5 9. dxe5 Bg7 10. Qb3 Nb6 11. Rd1 Be6 12. Qc2 Bf5 13. Qc1 Bxe5 14. Nxe5 Nxe5 15. Bh6 Qb8 16. Bb5+ Nc6 17. Qe3 Qc7 18. 0-0 Rd8 19. Bg7 Rg8 20. Be5 Qc8 21. Rxd8+ Kxd8 22. Rd1+ Ke8 23. Bf6 Qe6 24. Qd2 Qd7 25. Qh6 Qxd1+ 26. Nxd1 exf6 27. Qf4 Kd7 28. Ne3 Be6 29. a4 a6 30. Bxc6+ Kxc6 31. a5 Nd7 32. Qe4+ Kc7 33. Nd5+ Kd6 34. Nf4 Nc5 35. Qd4+ Kc6 36. b4 Nb3 37. Qc3+ Kd7 38. Nxe6 Rc8 39. Nc5+ Nxc5 40. bxc5 Rc6 41. g3 Re6 42. Kg2 Re5 43. Qd4+ 1-0

[Event "Regionalliga SO 0809"]
[Site "Bayern"]
[Date "2009.02.01"]
[Round "6.7"]
[White "Hauschild, Rudolf Jr"]
[Black "Heyne, Gerhard"]
[Result "0-1"]
[WhiteElo "1812"]
[BlackElo "1955"]
[PlyCount "94"]
[EventDate "2008.10.05"]
[EventType "team-tourn"]
[EventRounds "9"]
[EventCountry "GER"]
[SourceTitle "EXT 2020"]
[Source "ChessBase"]
[SourceDate "2019.10.17"]
[SourceVersion "1"]
[SourceVersionDate "2019.10.17"]
[SourceQuality "1"]
[WhiteTeam "Waldkraiburg"]
[BlackTeam "Passau II"]
[WhiteTeamCountry "GER"]
[BlackTeamCountry "GER"]

1. c4 e6 2. Nc3 d5 3. cxd5 exd5 4. d4 c5 5. Nf3 Nc6 6. g3 Nf6 7. Bg5 Be7 8. Bg2 0-0 9. 0-0 h6 10. Bxf6 Bxf6 11. e3 c4 12. Nd2 Be6 13. b3 Qa5 14. bxc4 Qxc3 15. cxd5 Nxd4 16. dxe6 Qxa1 17. exf7+ Kh8 18. Qh5 Ne2+ 19. Qxe2 Qxa2 20. Be4 Rad8 21. Qg4 Qxf7 22. Nf3 g6 23. Qf4 Bg7 24. Qg4 Rd6 25. Nh4 Kh7 26. f4 Rf6 27. Rd1 Qe6 28. Qf3 Re8 29. Rd4 b6 30. f5 gxf5 31. Nxf5 Kh8 32. Qg4 Rxf5 33. Bxf5 Qxe3+ 34. Kg2 Qxd4 35. Qg6 Re2+ 36. Kh3 Kg8 37. Be6+ Rxe6 38. Qxe6+ Kf8 39. Qc8+ Ke7 40. Qg8 b5 41. Qb8 Qd7+ 42. Kg2 a5 43. Qb6 a4 44. Qc5+ Kd8 45. Kf3 Qe6 46. Qa7 Qd5+ 47. Ke2 Qe4+ 0-1

[Event "Regionalliga SO 0809"]
[Site "Bayern"]
[Date "2008.12.14"]
[Round "4.7"]
[White "Uhlmann, David"]
[Black "Heyne, Gerhard"]
[Result "1-0"]
[WhiteElo "1904"]
[BlackElo "1955"]
[PlyCount "115"]
[EventDate "2008.10.05"]
[EventType "team-tourn"]
[EventRounds "9"]
[EventCountry "GER"]
[SourceTitle "EXT 2020"]
[Source "ChessBase"]
[SourceDate "2019.10.17"]
[SourceVersion "1"]
[SourceVersionDate "2019.10.17"]
[SourceQuality "1"]
[WhiteTeam "Pang/Rosenheim II"]
[BlackTeam "Passau II"]
[WhiteTeamCountry "GER"]
[BlackTeamCountry "GER"]

1. d4 d5 2. c4 e6 3. Nc3 c5 4. Nf3 Nc6 5. e3 Nf6 6. a3 dxc4 7. Bxc4 cxd4 8. exd4 Be7 9. 0-0 a6 10. b4 b5 11. Bb3 Bb7 12. Bb2 a5 13. d5 exd5 14. Nxb5 Ba6 15. a4 Nxb4 16. Bxf6 Bxf6 17. Re1+ Kf8 18. Rc1 Bb7 19. Rc7 Rb8 20. Ne5 Bxe5 21. Rxe5 Qf6 22. Ree7 Qxe7 23. Rxe7 Kxe7 24. Qe2+ Kf8 25. Qe5 Re8 26. Qd6+ Kg8 27. h4 h5 28. Qb6 Bc6 29. Qxa5 Nd3 30. Qc3 Bxb5 31. axb5 Nf4 32. Qc6 Re1+ 33. Kh2 Rh6 34. Qc8+ Kh7 35. Qf5+ Ng6 36. b6 Re5 37. Qc2 Re4 38. b7 Rxh4+ 39. Kg1 Rb4 40. Bxd5 h4 41. Qc7 Nf4 42. Be4+ Rxe4 43. b8Q h3 44. Qb1 Ne2+ 45. Kh2 hxg2+ 46. Kxg2 f5 47. f3 Nf4+ 48. Kg1 Nh3+ 49. Kf1 Rg6 50. Qh2 Rh4 51. Qxf5 Kh6 52. Qb8 Ng5 53. Qh8+ Nh7 54. Kf2 Rh2+ 55. Ke3 Rh4 56. Qf7 Rh3 57. Qfg8 Kg5 58. Qhxg7 1-0

[Event "Regionalliga SO 0809"]
[Site "Bayern"]
[Date "2008.10.26"]
[Round "2.6"]
[White "Heyne, Gerhard"]
[Black "Pappenheim, Rainer"]
[Result "1-0"]
[WhiteElo "1955"]
[BlackElo "1944"]
[PlyCount "21"]
[EventDate "2008.10.05"]
[EventType "team-tourn"]
[EventRounds "9"]
[EventCountry "GER"]
[SourceTitle "EXT 2020"]
[Source "ChessBase"]
[SourceDate "2019.10.17"]
[SourceVersion "1"]
[SourceVersionDate "2019.10.17"]
[SourceQuality "1"]
[WhiteTeam "Passau II"]
[BlackTeam "Starnberg"]
[WhiteTeamCountry "GER"]
[BlackTeamCountry "GER"]

1. e4 c5 2. c3 d5 3. exd5 Qxd5 4. d4 Nf6 5. Nf3 Nc6 6. Be2 cxd4 7. cxd4 g6 8. Nc3 Qd6 9. Nb5 Qb8 10. d5 Ne5 11. Qd4 1-0

[Event "Regionalliga SO 0708"]
[Site "Bayern"]
[Date "2007.11.25"]
[Round "3.5"]
[White "Heyne, Gerhard"]
[Black "Krause, Christian"]
[Result "1/2-1/2"]
[WhiteElo "1972"]
[BlackElo "1988"]
[PlyCount "29"]
[EventDate "2007.10.21"]
[EventType "team-tourn"]
[EventRounds "9"]
[EventCountry "GER"]
[SourceTitle "EXT 2009"]
[Source "ChessBase"]
[SourceDate "2008.11.26"]
[SourceVersion "1"]
[SourceVersionDate "2008.11.26"]
[SourceQuality "1"]
[WhiteTeam "Passau II"]
[BlackTeam "Ebersberg"]
[WhiteTeamCountry "GER"]
[BlackTeamCountry "GER"]

1. e4 d6 2. d4 g6 3. Nc3 c6 4. Nf3 Bg7 5. Be3 Nf6 6. h3 0-0 7. Be2 Qc7 8. Qd2 b5 9. a3 a6 10. 0-0 Nbd7 11. Bh6 Nb6 12. Bxg7 Kxg7 13. e5 Ng8 14. exd6 exd6 15. Ne4 1/2-1/2

[Event "Wch Seniors 17th"]
[Site "Gmunden"]
[Date "2007.09.19"]
[Round "3"]
[White "Klundt, Klaus"]
[Black "Heyne, Gerhard"]
[Result "1-0"]
[WhiteElo "2375"]
[BlackElo "2102"]
[PlyCount "55"]
[EventDate "2007.09.17"]
[EventType "swiss"]
[EventRounds "11"]
[EventCountry "AUT"]
[SourceTitle "CBM 120 Extra"]
[Source "ChessBase"]
[SourceDate "2007.11.01"]
[SourceVersion "1"]
[SourceVersionDate "2007.11.01"]
[SourceQuality "1"]

1. e4 Nf6 2. e5 Nd5 3. d4 d6 4. Nf3 Nc6 5. c4 Nb6 6. exd6 exd6 7. d5 Ne5 8. Nxe5 dxe5 9. Be2 Bb4+ 10. Bd2 Bxd2+ 11. Qxd2 0-0 12. Nc3 a5 13. 0-0 Qe7 14. Rfd1 Bf5 15. Rac1 Rfd8 16. Nb5 h6 17. Qe3 Na4 18. c5 b6 19. cxb6 cxb6 20. Rc7 Qb4 21. b3 Nc5 22. Bc4 Nd7 23. d6 a4 24. a3 Qa5 25. b4 Qa6 26. Nc3 b5 27. Bxb5 Qb6 28. Rxd7 1-0

[Event "Regionalliga SO 0506"]
[Site "Bayern"]
[Date "2005.11.27"]
[Round "3.3"]
[White "Nitsche, Dirk"]
[Black "Heyne, Gerhard"]
[Result "1-0"]
[WhiteElo "2170"]
[BlackElo "1987"]
[PlyCount "107"]
[EventDate "2005.10.23"]
[EventType "team-tourn"]
[EventRounds "9"]
[EventCountry "GER"]
[SourceTitle "EXT 2007"]
[Source "ChessBase"]
[SourceDate "2006.11.23"]
[SourceVersion "1"]
[SourceVersionDate "2006.11.23"]
[SourceQuality "1"]
[WhiteTeam "Tegernsee TV II"]
[BlackTeam "Passau II"]
[WhiteTeamCountry "GER"]
[BlackTeamCountry "GER"]

1. d4 d5 2. Nf3 e6 3. c4 c5 4. cxd5 exd5 5. Nc3 Nc6 6. Bg5 Be7 7. Bxe7 Ngxe7 8. e3 cxd4 9. Nxd4 Nxd4 10. Qxd4 0-0 11. Be2 Be6 12. 0-0 Nc6 13. Qc5 Rc8 14. Rfd1 Qf6 15. Rd2 Rfd8 16. Rad1 h6 17. Bb5 b6 18. Qa3 a5 19. Qa4 Ne7 20. Ne2 Qg5 21. Qf4 Qxf4 22. Nxf4 Rc5 23. a4 g5 24. Ne2 Rdc8 25. Nd4 R8c7 26. h3 Bd7 27. Nb3 Bxb5 28. Nxc5 bxc5 29. axb5 Rb7 30. Rc1 Rxb5 31. Rdc2 c4 32. e4 dxe4 33. Rxc4 Rxb2 34. Rxe4 Nd5 35. Rc5 Nf4 36. Rxa5 Rb1+ 37. Kh2 Rb7 38. Kg3 Nh5+ 39. Kf3 Rb3+ 40. Re3 Rb6 41. g3 Ng7 42. Ra7 h5 43. Re5 Rf6+ 44. Kg2 Ne6 45. Raa5 Rg6 46. Rf5 Rg7 47. Rf6 h4 48. Rh6 Kf8 49. Ra7 Kg8 50. Ra8+ Nf8 51. Rb6 f5 52. gxh4 gxh4+ 53. Kf3 Rf7 54. Rbb8 1-0

[Event "Oberliga Bayern 0405"]
[Site "Bayern"]
[Date "2005.01.30"]
[Round "6.8"]
[White "Krug, Stefan"]
[Black "Heyne, Gerhard"]
[Result "0-1"]
[WhiteElo "2110"]
[BlackElo "1969"]
[PlyCount "78"]
[EventDate "2004.10.24"]
[EventType "team-tourn"]
[EventRounds "9"]
[EventCountry "GER"]
[SourceTitle "EXT 2020"]
[Source "ChessBase"]
[SourceDate "2019.10.17"]
[SourceVersion "1"]
[SourceVersionDate "2019.10.17"]
[SourceQuality "1"]
[WhiteTeam "Bamberg SC"]
[BlackTeam "Passau"]
[WhiteTeamCountry "GER"]
[BlackTeamCountry "GER"]

1. e4 Nf6 2. e5 Nd5 3. c4 Nb6 4. c5 Nd5 5. Bc4 e6 6. Nc3 Nxc3 7. dxc3 Qh4 8. Qe2 Bxc5 9. Nf3 Qd8 10. Bf4 Nc6 11. 0-0-0 a6 12. Ng5 h6 13. Ne4 Be7 14. h4 b5 15. Bb3 a5 16. Qh5 g6 17. Qg4 h5 18. Qg3 Rg8 19. Bg5 Bxg5+ 20. hxg5 Kf8 21. Qf4 Kg7 22. g4 Rh8 23. gxh5 gxh5 24. Nf6 h4 25. g6 Nxe5 26. Qxe5 Qxf6 27. Qxc7 fxg6 28. Bc2 g5 29. Rd4 b4 30. Be4 Ra6 31. Bd3 bxc3 32. bxc3 Qxd4 33. Bxa6 Qf4+ 34. Qxf4 gxf4 35. Bxc8 Rxc8 36. Rxh4 Rxc3+ 37. Kb2 Rf3 38. Rh2 d5 39. Kc2 Kf6 0-1

[Event "BL2-Sued 9899"]
[Site "Germany"]
[Date "1999.01.10"]
[Round "4.8"]
[White "Heyne, Gerhard"]
[Black "Kargoll, Boris"]
[Result "1/2-1/2"]
[WhiteElo "2185"]
[BlackElo "2260"]
[PlyCount "47"]
[EventDate "1998.10.18"]
[EventType "team-tourn"]
[EventRounds "9"]
[EventCountry "GER"]
[SourceTitle "GER-chT2"]
[Source "ChessBase"]
[SourceDate "1999.07.01"]
[SourceVersion "1"]
[SourceVersionDate "1999.07.01"]
[SourceQuality "1"]
[WhiteTeam "Passau II"]
[BlackTeam "Karlsruhe"]
[WhiteTeamCountry "GER"]
[BlackTeamCountry "GER"]

1. e4 c5 2. c3 Nf6 3. e5 Nd5 4. d4 cxd4 5. cxd4 e6 6. Nf3 b6 7. a3 Ba6 8. Bxa6 Nxa6 9. 0-0 Be7 10. Bd2 Nac7 11. Nc3 Nxc3 12. Bxc3 Nd5 13. Bd2 0-0 14. Rc1 b5 15. Qe2 Qb6 16. Rc2 f5 17. Rfc1 a5 18. Bg5 Bxg5 19. Nxg5 b4 20. axb4 Qxb4 21. Nf3 Rab8 22. h4 h6 23. Qa6 Qb5 24. Qd6 1/2-1/2

[Event "Landesliga Sued 9697"]
[Site "Bayern"]
[Date "1996.11.17"]
[Round "2"]
[White "Heyne, Gerhard"]
[Black "Steinmueller, Stephan"]
[Result "1/2-1/2"]
[WhiteElo "2080"]
[BlackElo "1940"]
[PlyCount "130"]
[EventDate "1996.10.13"]
[EventType "team-tourn"]
[EventRounds "9"]
[EventCountry "GER"]
[SourceTitle "EXT 2020"]
[Source "ChessBase"]
[SourceDate "2019.10.17"]
[SourceVersion "1"]
[SourceVersionDate "2019.10.17"]
[SourceQuality "1"]
[WhiteTeam "Passau II"]
[BlackTeam "Starnberg SC"]
[WhiteTeamCountry "GER"]
[BlackTeamCountry "GER"]

1. e4 c5 2. c3 e6 3. d4 d5 4. exd5 exd5 5. Nf3 Nf6 6. h3 Nc6 7. Be3 cxd4 8. Nxd4 Bd6 9. Bd3 0-0 10. Nd2 Re8 11. 0-0 Ne5 12. Bc2 Bd7 13. Nf5 Bc7 14. a4 Qc8 15. Qb1 Bb8 16. Bg5 Qc7 17. Ng3 Re6 18. Bf5 Rc6 19. Re1 Ng6 20. Nf3 a5 21. Be3 Ba7 22. Nd4 Rc4 23. Bxd7 Qxd7 24. Nb5 Bb8 25. b3 Rh4 26. Nf5 Rh5 27. Nbd4 Ne4 28. Qd1 Rxf5 29. Qg4 Nd6 30. h4 h5 31. Qh3 Bc7 32. Bg5 f6 33. Bd2 Rd8 34. Nxf5 Qxf5 35. Qe3 Ne4 36. Rad1 Nxh4 37. Bc1 Bf4 38. Qxf4 Qxf4 39. Bxf4 Nxc3 40. Rd3 d4 41. Bc7 Rd5 42. Kf1 Kf7 43. Bb6 Nf5 44. f3 Na2 45. g4 Nb4 46. Rd2 hxg4 47. fxg4 Ne3+ 48. Kg1 Nxg4 49. Rxd4 Ne5 50. Rf1 Nec6 51. Rxd5 Nxd5 52. Bf2 f5 53. Rc1 Ke6 54. Rc5 g5 55. Rb5 f4 56. Rxb7 g4 57. Kg2 Nc3 58. Be1 Ne4 59. Rb5 f3+ 60. Kh2 Nd4 61. Rxa5 Nc2 62. Bg3 Nd2 63. Bf2 Ne4 64. Bg3 Nd4 65. Be1 Nd2 1/2-1/2

[Event "Landesliga Sued 9697"]
[Site "Bayern"]
[Date "1996.10.13"]
[Round "1"]
[White "Heyne, Gerhard"]
[Black "Hornung, Hans"]
[Result "0-1"]
[WhiteElo "2080"]
[BlackElo "2110"]
[PlyCount "36"]
[EventDate "1996.10.13"]
[EventType "team-tourn"]
[EventRounds "9"]
[EventCountry "GER"]
[SourceTitle "EXT 2020"]
[Source "ChessBase"]
[SourceDate "2019.10.17"]
[SourceVersion "1"]
[SourceVersionDate "2019.10.17"]
[SourceQuality "1"]
[WhiteTeam "Passau II"]
[BlackTeam "Ingolstadt"]
[WhiteTeamCountry "GER"]
[BlackTeamCountry "GER"]

1. e4 c5 2. c3 d6 3. d4 Nf6 4. dxc5 Nc6 5. cxd6 Nxe4 6. Nf3 e5 7. Bb5 Bxd6 8. Qd5 Nf6 9. Bxc6+ Ke7 10. Bg5 Be6 11. Qe4 bxc6 12. Nxe5 Kf8 13. Bxf6 Qxf6 14. Nxc6 Re8 15. 0-0 Bd7 16. Qd5 Bxc6 17. Qc4 Qe5 18. g3 Bb5 0-1

[Event "Regionalliga SO 9596"]
[Site "Bayern"]
[Date "1996.04.21"]
[Round "8"]
[White "Koehl, Franz Xaver"]
[Black "Heyne, Gerhard"]
[Result "1/2-1/2"]
[WhiteElo "2040"]
[BlackElo "2060"]
[PlyCount "21"]
[EventDate "1995.10.15"]
[EventType "team-tourn"]
[EventRounds "9"]
[EventCountry "GER"]
[SourceTitle "EXT 1999"]
[Source "ChessBase"]
[SourceDate "1998.11.16"]
[SourceVersion "1"]
[SourceVersionDate "1998.11.16"]
[SourceQuality "1"]
[WhiteTeam "Unterpfaff Germering"]
[BlackTeam "Passau II"]
[WhiteTeamCountry "GER"]
[BlackTeamCountry "GER"]

1. e4 Nf6 2. e5 Nd5 3. Nc3 Nxc3 4. bxc3 d6 5. f4 e6 6. Nf3 Be7 7. d4 0-0 8. Bd3 h6 9. 0-0 b6 10. Qe2 Bb7 11. Be3 1/2-1/2